Religion Quiz

Random Religion or Bible Quiz

The 12 Apostles of Jesus Quiz Stats

 Plays Quiz Updated Oct 28, 2018

Challenge
Share
Tweet
Embed
Score 0/12 Timer 04:00
1 Play Today
% Correct
Peter
89.2%
Judas
88.7%
John
83.5%
Simon
80.9%
Matthew
80.6%
Thomas
80.4%
James
77.9%
James
77.9%
Andrew
72.1%
Bartholomew
70.6%
Philip
60.3%
Thaddeus
51.6%

You're not logged in!

Compare scores with friends on all Sporcle quizzes.
OR
Log In

You Might Also Like...

Show Comments

Extras

Top Quizzes Today


Score Distribution

Your Account Isn't Verified!

In order to create a playlist on Sporcle, you need to verify the email address you used during registration. Go to your Sporcle Settings to finish the process.

Report this User

Report this user for behavior that violates our Community Guidelines.

Details: